Virshevaia poeziia : pervaia polovina XVII veka / sostavlenie...V.K. Bylinina.

Tallennettuna:
Bibliografiset tiedot
Aineistotyyppi: Kirja
Julkaistu: Moskva : Sovetskaia Rossiia, 1989.
Sarja:Sokrovishcha drevnerusskoi literatury.
LEADER 00689nam a2200181i 4500
001 c000017824
003 CARM
005 00000000000000.0
019 1 |a 7459032  |5 LACONCORD2021 
020 |a 5268005685 
035 |a (OCoLC)21024714  |5 LACONCORD2021 
245 0 |a Virshevaia poeziia : pervaia polovina XVII veka / sostavlenie...V.K. Bylinina. 
260 |a Moskva : Sovetskaia Rossiia, 1989. 
300 |a 478 p. 
490 |a Sokrovishcha drevnerusskoi literatury. 
852 8 |b CARM  |h A2:AH13B0  |i B03462  |p 0141233  |f BK 
999 f f |i ca585bdb-2813-5305-8647-4e1636f18db1  |s eb656a2f-6104-51c3-9a30-267912a2c323 
952 f f |p Can circulate  |a CAVAL  |b CAVAL  |c CAVAL  |d CARM 1 Store  |e B03462  |f A2:AH13B0  |h Other scheme  |i book  |m 0141233